00864nam a2200301Ia 4500001000700000003000500007008004100012010001100053040000900064090001700073100006900090245005700159260003900216300001800255440002700273500000500300503000500305650002400310650002700334650003200361901001600393902000600409910000900415942000800424942000800432999001900440952010300459Z_4325CHAP220113s1985 xx 000 0 und d a167395 cCHAP aFolleto 243  aCentro de Investigaciones Pecuarias del Estado de Sonora9141025 aCómo ataca la mosca pinta al buffel? /cpor CIPES aCarbo, Sonora :bEl centro,c1985 a12 p. ; ilus. aRancho; 2 (22)9141578 a a aMosca pinta 978992 aPastosxPlagas 986069 aZacate buffel I. t.9141579 aFolleto 243 aA a1985 cc14 cc14 c167395d167395 00102local40708FOLLaZbZc3d2005-11-09l0pz_A1579r2022-01-18 00:00:00t1w2022-01-18yFOLL